01081cam a22002777a 450000100040000000500170000402000180002104000660003905000200010508200170012510000300014224501020017225000470027426000210032130000470034249000380038950000200042750500080044752002010045552100200065652100200067665000340069665000230073065000260075365000240077983420231124090725.0 a9780545490139 aBTCTAbengcBTCTAdOCPdOCLCQdCO2dIHIdKAAdYDXCPdBDXdDLC00aSF172bC37 201204a636.08862231 aCarney, Elizabeth,d1981-10aDog finds lost dolphins :band more true stories of amazing animal heroes /cby Elizabeth Carney. aFirst Scholastic printing , September 2012 bScholasticc2012 a111 pages :bcolor illustrations. ;c20 cm1 aNational Geographic kids chapters aIncludes index.0 aP  aPresents the stories of three animal workers, a dog that helps stranded dolphins, a monkey that aids a paralyzed man, and a rat that sniffs out land mines--cSource other than Library of Congress. a640 bLexile  aP braz-Plus  0aWorking animalsvNon-fiction. 0aDogsvNon-fiction. 0aMonkeysvNon-fiction. 0aRatsvNon-fiction.